| Tag |
First Indicator |
Second Indicator |
Subfields |
| LEADER |
00000cam a2200000 4500 |
| 001 |
in00003475621 |
| 005 |
20151206104725.0 |
| 008 |
830317s1937 mx 00010 spa |
| 010 |
|
|
|a 40010235
|
| 035 |
|
|
|a (OCoLC)ocm09318199
|
| 040 |
|
|
|a DLC
|c SOI
|d TNY
|d UtOrBLW
|
| 082 |
0 |
|
|a 861.6
|
| 090 |
|
|
|a PQ7297.R765
|b P6
|
| 100 |
1 |
|
|a Rosado Vega, Luis,
|d 1876-1958.
|
| 245 |
1 |
0 |
|a Poema de la selva trágica /
|c lo compuso Luis Rosado Vega. Portada de: Leonel de Cervantes, dibujos de: Carlos Camara y Fernando Guemes.
|
| 264 |
|
1 |
|a Ciudad Chetumal :
|b [Edicion S.C.O.P.],
|c 1937.
|
| 300 |
|
|
|a 138 pages, 1 unnumbered page, 28 unnumbered leaves of plates :
|b illustrations ;
|c 23 cm.
|
| 336 |
|
|
|a text
|b txt
|2 rdacontent
|
| 337 |
|
|
|a unmediated
|b n
|2 rdamedia
|
| 338 |
|
|
|a volume
|b nc
|2 rdacarrier
|
| 999 |
|
|
|a MARS
|
| 999 |
f |
f |
|s e44c9aa2-f5ff-3cf5-97b5-dd76ad39cf9b
|i 3ce0e781-310c-3ef6-b875-8d814960d8cc
|t 0
|
| 952 |
f |
f |
|p ric
|a Texas A&M University
|b Rellis Campus
|c Joint Library Facility
|d Remote Storage
|t 0
|e PQ7297.R765 P6
|h Library of Congress classification
|i unmediated -- volume
|m 32060004028946
|
| 998 |
f |
f |
|a PQ7297.R765 P6
|t 0
|l Remote Storage
|